El rincon de la pizarra : ensayos de visualización en análisis matemático /
Guardado en:
| Autor Principal: | |
|---|---|
| Formato: | Libro |
| Publicado: |
Buenos Aires :
Pirámide,
1996
|
| Series: | Colección Ciencia Hoy
|
| Materias: | |
| Etiquetas: |
Agregar Etiqueta
Sin Etiquetas, Sea el primero en etiquetar este registro!
|
| LEADER | 01468nam a22002295a 4500 | ||
|---|---|---|---|
| 001 | CEM.cems009380 | ||
| 005 | 20081212120423.0 | ||
| 008 | 130507s1996##################000#0#####d | ||
| 003 | CEMS | ||
| 020 | |a 8436809904 | ||
| 082 | 0 | 4 | |a 517 |
| 100 | 1 | |a Guzmán, Miguel de | |
| 245 | 1 | 0 | |a El rincon de la pizarra : |b ensayos de visualización en análisis matemático / |c Miguel de Guzmán |
| 260 | |a Buenos Aires : |b Pirámide, |c 1996 | ||
| 300 | |a 313 p. + 1 disquete | ||
| 490 | 0 | |a Colección Ciencia Hoy | |
| 505 | 0 | |a El papel de la visualización -- Visualización de conjuntos de números reales. Supremo, ínfimo -- Visualización de valor absoluto. Distancia entre puntos -- Visualización de las nociones topológicas fundamentales del análisis real -- Visualización de sucesiones y sus límites -- Visualización de series numéricas -- Métodos visuales de exploración de algunos tipos de sucesiones -- Exploración visual de las funciones -- Visualización alrededor de la noción de límite de una función -- Continuidad, continuidad uniforme y propiedades -- Iteración de funciones. Caos matemático -- Visualización de la derivada -- Visualización de la integral -- Desigualdades -- Discretización del análisis -- Experimentando la iteración de operadores sobre funciones continuas | |
| 653 | |a Análisis matemático | ||
| 653 | |a Derivadas | ||
| 653 | |a Iteración | ||
| 653 | |a Matemática | ||
| 859 | |a CEMS |b BIB. CEMS - 11 de abril |h 517 |i G994-1 |p 19048.96 |t Ej.1 | ||
